LDR 01300naa#a2200217#i#450# 001 RU\\bibl\119670 005 20260416230913.4 011 ## _a2311-8873 100 ## _a20260410b2026####ek#y0rusy0150####ca 102 ## _aRU 200 1# _aИССЛЕДОВАНИЕ РАБОТОСПОСОБНОСТИ МОТОРНОГО МАСЛА, ПРИМЕНЯЕМОГО В СИЛОВЫХ АГРЕГАТАХ ТРАНСПОРТНО-ТЕХНОЛОГИЧЕСКИХ МАШИН _eЖурнальная статья 210 1# _aВоронеж _cВоронежский государственный лесотехнический университет имени Г.Ф. Морозова _d2026 215 ## _a7 с. 608 ## _aЖурнальная статья _2local 675 ## _aЭксплуатация воздушного транспорта. 656.7 _aАналитические методы. Виды и техника исполнения. 543.06 _z 700 #1 _aБарыкин _gАлексей Юрьевич 700 #1 _aМухаметдинов _gЭдуард Мухаматзакиевич 700 #1 _aНигметзянова _gВенера Марсовна 700 #1 _aРоссова _gНадежда Константиновна 700 #1 _aГоршков _gАлександр Леонидович 856 4# _avntv.editorum.ru _u